‘Circling the drain’: The emotional ‘dirty’ work of legal aid workers (Record no. 532058)

000 -LEADER
fixed length control field 01578nam a22001457a 4500
008 - FIXED-LENGTH DATA ELEMENTS--GENERAL INFORMATION
fixed length control field 251202b ||||| |||| 00| 0 eng d
100 ## - MAIN ENTRY--PERSONAL NAME
Personal name MacLachlan, Lara
245 ## - TITLE STATEMENT
Title ‘Circling the drain’: The emotional ‘dirty’ work of legal aid workers
260 ## - PUBLICATION, DISTRIBUTION, ETC. (IMPRINT)
Place of publication, distribution, etc Social and Legal Studies
300 ## - PHYSICAL DESCRIPTION
Extent 34(6), Dec, 2025: p.918-940
520 ## - SUMMARY, ETC.
Summary, etc Emotions have traditionally been seen as out of place in law. They are viewed in opposition to many of law’s central values such as efficiency and rationality. Despite this, legal work often involves brushing up against the messy, complex and emotional realities of people’s lives. Those who do this work must occupy a liminal space between the law’s prescribed rationality and decorum and the emotional lives of their clients. Drawing on 27 interviews from people working with the Legal Aid Board in Ireland, this article considers what the social consequences of this might be for the workers. It explores how emotions in this context can be understood as emotional dirt, how legal aid workers are tainted due to their proximity to this dirt and how they engage in practices to deal with the consequences of this. The article highlights how understanding legal aid work as emotionally dirty provides important insights into the role of emotions and stigma in this type of work.- Reproduced

https://journals.sagepub.com/doi/full/10.1177/09646639241292458
650 ## - SUBJECT ADDED ENTRY--TOPICAL TERM
Topical term or geographic name as entry element Legal aid, Emotion, Neoliberalism, Dirty work, Family law, Access to justice.
9 (RLIN) 58076
773 ## - HOST ITEM ENTRY
Main entry heading Social and Legal Studies
942 ## - ADDED ENTRY ELEMENTS (KOHA)
Item type Articles
Holdings
Withdrawn status Lost status Source of classification or shelving scheme Damaged status Not for loan Permanent location Current location Date acquired Serial Enumeration / chronology Barcode Date last seen Koha item type
          Indian Institute of Public Administration Indian Institute of Public Administration 2025-12-02 34(6), Dec, 2025: p.918-940 AR137698 2025-12-02 Articles

Powered by Koha